00572nam a2200181 a 450000100060000000300090000600800410001502000150005604000280007108200160009910000220011524501020013726000550023930000100029465000360030465000290034065000210036912942CO-ViMGA141112s2004 ck r 000 u spa d a9583800163 aCO-ViMGAbspacCO-ViMGA04a301.21 h1511 aHalliday, M. A. K10aEl Lenguaje como semiótica Social : bLa interpretación social del lenguaje y del significado aSantafé de Bogotá : bFondo de Cultura, c1998 a328p.14aLINGUISTICA - ASPECTOS SOCIALES14aSEMIOLOGIA - LINGUISTICA14aSOCIOLINGUISTICA